| 000 | 00528nam a2200169Ia 4500 | ||
|---|---|---|---|
| 003 | LDD | ||
| 008 | 190117s9999 xx 000 0 und d | ||
| 020 | _c₹30 | ||
| 040 | _cLDD | ||
| 041 | _ahi | ||
| 082 | _a8H1.09 भा6442 | ||
| 100 | _aनगेन्द्र | ||
| 245 | 0 |
_aभारतीय काव्यशास्त्र की परम्परा _cनगेन्द्र |
|
| 260 |
_aनई दिल्ली _bनेशनल _c1976 |
||
| 300 | _aद्वितीय खण्ड | ||
| 942 |
_2ddc _cH |
||
| 999 |
_c161904 _d161904 |
||